| 000 | 00885cab a2200217 4500 | ||
|---|---|---|---|
| 001 | L135895 | ||
| 008 | 061215n2006 000 0 eng u | ||
| 035 | _a(Sirsi) u135895 | ||
| 041 | 0 | _aeng | |
| 100 | 1 | _aMoore, Paul | |
| 245 | 0 | 0 | _aSocial security |
| 260 | _c2006 | ||
| 490 | 0 |
_aProperty Week _v71(49) 08 December 2006, 76(1) |
|
| 520 | _aDiscusses the undersupply of affordable housing, making the conjecture that efficiency in the sector is the key to the provision of affordable housing. Includes a graph illustrating the benchmark costs of several social housing schemes and a graph illustrating the breakdown of social housing costs. | ||
| 590 | _aKA | ||
| 650 | 2 | 4 | _aHOUSING GRANTS, CONSTRUCTION AND REGENERATION ACT 1996 |
| 651 | 4 |
_aUnited Kingdom _y |
|
| 690 | _aPROPERTY-RESIDENTIAL PROPERTY-RESIDENTIAL PROPERTY MARKET | ||
| 700 | 1 | _aJones, Richard | |
| 942 | _n0 | ||
| 999 |
_c78066 _d78066 |
||